000
00281nam a22001217a 4500
003
OSt
008
150622b xxu||||| |||| 00| 0 eng d
100
1
_a
Norwich, John Julius
041
_a
eng
245
1
0
_a
A history of Venice
260
_a
New York
_b
Alfred A. Knopf
300
_a
0 pages
999
_c
1608
_d
1608